New Mexico Basketball: Top 10 All-Time Leaders - Statistics

General Stats
  • This quiz has been taken 2 times
    1 since last reset
  • The average score is 32 of 90
Answer Stats
Category # Player Amount % Correct
Rebounds 10 Cameron Bairstow 637
100%
Blocks 10 Cameron Bairstow 99
100%
Games 5 Cameron Bairstow 134
100%
Field Goal Percent 1 Charlie Thomas 59.0%
100%
Points Per Game 8 Danny Granger 19.1
100%
Assists 7 David Gibson 460
100%
Points 8 Hunter Greene 1,745
100%
Steals 3 Hunter Greene 203
100%
Points 10 Jamal Mashburn Jr. 1,629
100%
Points Per Game 10 Jamal Mashburn Jr. 17.3
100%
Points 2 Kenny Thomas 1,931
100%
Rebounds 1 Kenny Thomas 1,032
100%
Blocks 2 Kenny Thomas 239
100%
Field Goal Percent 4 Kenny Thomas 53.7%
100%
Blocks 3 Khari Jaxon 220
100%
Points 3 Lamont Long 1,840
100%
Rebounds 7 Lamont Long 698
100%
Steals 6 Lamont Long 184
100%
Points 7 Luc Longley 1,769
100%
Rebounds 2 Luc Longley 912
100%
Blocks 1 Luc Longley 336
100%
Field Goal Percent 2 Luc Longley 58.6%
100%
Assists 6 Petee Gibson 560
100%
Points 9 Rob Robbins 1,739
100%
Three Pointers Made 3 Rob Robbins 264
100%
Games T6 Rob Robbins 133
100%
Assists 8 Willie Banks 419
100%
Steals 7 Willie Banks 182
100%
Field Goal Percent 5 Willie Banks 51.3%
100%
Rebounds 4 Willie Long 800
100%
Field Goal Percent 7 Willie Long 49.0%
100%
Points Per Game 7 Willie Long 19.8
100%
Blocks 9 A.J. Hardeman 100
0%
Games T1 A.J. Hardeman 137
0%
Rebounds 8 Alex Kirk 685
0%
Blocks 4 Alex Kirk 168
0%
Three Pointers Made 4 Anthony Mathis 222
0%
Three Pointers Made 2 Chad Toppert 266
0%
Points 1 Charles Smith 1,993
0%
Steals 8 Charles Smith 178
0%
Three Pointers Made T6 Charles Smith 207
0%
Points 4 Clayton Shields 1,837
0%
Rebounds 5 Clayton Shields 758
0%
Three Pointers Made 1 Clayton Shields 285
0%
Assists 5 Dairese Gary 564
0%
Steals 10 Dairese Gary 162
0%
Games 4 Dairese Gary 135
0%
Assists 1 Darrell McGee 684
0%
Steals 9 Darrell McGee 168
0%
Games T1 Darrell McGee 137
0%
Rebounds 9 Drew Gordon 661
0%
Points Per Game 4 Elijah Brown 20.3
0%
Points Per Game 9 Ira Harge 18.8
0%
Assists 9 Jaelen House 395
0%
Steals 2 Jaelen House 224
0%
Games T6 Jamal Fenton 133
0%
Blocks 8 Joe Furstinger 107
0%
Field Goal Percent 3 Johnny Brown 56.9%
0%
Points Per Game 6 Johnny Brown 19.9
0%
Assists 4 Kelvin Scarborough 574
0%
Steals 1 Kelvin Scarborough 235
0%
Points 5 Kendall Williams 1,813
0%
Assists 3 Kendall Williams 617
0%
Steals 5 Kendall Williams 186
0%
Three Pointers Made T8 Kendall Williams 205
0%
Games T1 Kendall Williams 137
0%
Field Goal Percent 9 Kenny Page 48.4%
0%
Points Per Game 1 Kenny Page 26.2
0%
Three Pointers Made 10 Kevin Henry 197
0%
Assists 10 Marlon Palmer 384
0%
Field Goal Percent 6 Marvin Johnson 51.1%
0%
Points Per Game 2 Marvin Johnson 21.9
0%
Rebounds 3 Mel Daniels 853
0%
Field Goal Percent 10 Mel Daniels 48.4%
0%
Points Per Game 5 Mel Daniels 20.0
0%
Games T6 Mike Winters 133
0%
Blocks 6 Obij Aget 129
0%
Three Pointers Made T6 Phillip McDonald 207
0%
Games T6 Phillip McDonald 133
0%
Assists 2 Phil Smith 630
0%
Steals 4 Phil Smith 197
0%
Field Goal Percent 8 Phil Smith 48.4%
0%
Blocks 7 Rob Loeffel 126
0%
Three Pointers Made T8 Roman Martinez 205
0%
Games T6 Roman Martinez 133
0%
Points 6 Ruben Douglas 1,782
0%
Three Pointers Made 5 Ruben Douglas 218
0%
Points Per Game 3 Ruben Douglas 20.7
0%
Rebounds 6 Tom King 749
0%
Blocks 5 Wayland White 137
0%
No matching quizzes found
Score Distribution
Percent of People with Each Score
Percentile by Number Answered
Your Score History
You have not taken this quiz since the last reset